In situ synchrotron X-ray diffraction study of strain induced crystallisation of natural rubber during fatigue tests (Record no. 60933)

MARC details
000 -LEADER
fixed length control field 00507nam a2200157Ia 4500
100 ## - MAIN ENTRY--AUTHOR NAME
Personal name Beurrot-Borgarino S
245 #0 - TITLE STATEMENT
Title In situ synchrotron X-ray diffraction study of strain induced crystallisation of natural rubber during fatigue tests
260 ## - PUBLICATION, DISTRIBUTION, ETC. (IMPRINT)
Name of publisher Plastics, Rubber and Composites
Year of publication 2012
300 ## - PHYSICAL DESCRIPTION
Number of Pages 290-295
500 ## - GENERAL NOTE
General note Source Year: 2012
650 ## - SUBJECT ADDED ENTRY--TOPICAL TERM
Topical Term Fatigue
650 ## - SUBJECT ADDED ENTRY--TOPICAL TERM
Topical Term Strain induced crystallisation
650 ## - SUBJECT ADDED ENTRY--TOPICAL TERM
Topical Term WAXD
942 ## - ADDED ENTRY ELEMENTS (KOHA)
Koha item type Journals
Holdings
Withdrawn status Lost status Damaged status Not for loan Home library Current library Shelving location Date acquired Serial Enumeration / chronology Koha item type
      Journals RRII Library RRII Library Rubber technology 21/11/2012 Volume 41, Issue 7 Journals